Аппарат получения металлического никеля из хлоридного раствора; Химия и химическая технология в XXI веке; Т. 2

Detaylı Bibliyografya
Parent link:Химия и химическая технология в XXI веке: материалы XIV Всероссийской научно-практической конференции имени профессора Л.П. Кулёва студентов и молодых ученых с международным участием, Томск, 13-16 мая 2013 г/ Национальный исследовательский Томский политехнический университет (ТПУ).— , 2013
Т. 2.— 2013.— [С. 79]
Yazar: Баймуканов Е. А.
Özet:Заглавие с титульного экрана
Dil:Rusça
Baskı/Yayın Bilgisi: 2013
Seri Bilgileri:Химическая технология редких элементов
Konular:
Online Erişim:http://www.lib.tpu.ru/fulltext/c/2013/C27/V2/040.pdf
Materyal Türü: MixedMaterials Elektronik Kitap Bölümü
KOHA link:https://koha.lib.tpu.ru/cgi-bin/koha/opac-detail.pl?biblionumber=242207

MARC

LEADER 00000naa2a2200000 4500
001 242207
005 20251219135454.0
035 |a (RuTPU)RU\TPU\book\263507 
035 |a RU\TPU\book\263505 
090 |a 242207 
100 |a 20130828d2013 k y0rusy50 ca 
101 0 |a rus 
102 |a RU 
135 |a drcn ---uucaa 
181 0 |a i  
182 0 |a b 
200 1 |a Аппарат получения металлического никеля из хлоридного раствора  |f Е. А. Баймуканов 
203 |a Текст  |c электронный 
225 1 |a Химическая технология редких элементов 
300 |a Заглавие с титульного экрана 
337 |a Adobe Reader 
461 1 |0 (RuTPU)RU\TPU\book\259433  |t Химия и химическая технология в XXI веке  |o материалы XIV Всероссийской научно-практической конференции имени профессора Л.П. Кулёва студентов и молодых ученых с международным участием, Томск, 13-16 мая 2013 г  |o в 2 т.  |f Национальный исследовательский Томский политехнический университет (ТПУ)  |d 2013 
463 1 |0 (RuTPU)RU\TPU\book\259439  |t Т. 2  |v [С. 79]  |d 2013 
610 1 |a труды учёных ТПУ 
610 1 |a электронный ресурс 
610 1 |a аппараты 
610 1 |a металлический никель 
610 1 |a хлоридные растворы 
700 1 |a Баймуканов  |b Е. А. 
801 2 |a RU  |b 63413507  |c 20130828  |g RCR 
856 4 |u http://www.lib.tpu.ru/fulltext/c/2013/C27/V2/040.pdf 
942 |c CF